New concept of reinforcement by carbon black by modifying its surface chemistry (Record no. 63768)

MARC details
000 -LEADER
fixed length control field 00529nam a2200145Ia 4500
100 ## - MAIN ENTRY--AUTHOR NAME
Personal name Ganguly S
245 #0 - TITLE STATEMENT
Title New concept of reinforcement by carbon black by modifying its surface chemistry
260 ## - PUBLICATION, DISTRIBUTION, ETC. (IMPRINT)
Name of publisher International Conference and Exhibition on Rubber and Allied Materials Asia Rub Tech Expo 2002. 28-30 November 2002, New Delhi. pp.197-201.
650 ## - SUBJECT ADDED ENTRY--TOPICAL TERM
Topical Term Carbon black
650 ## - SUBJECT ADDED ENTRY--TOPICAL TERM
Topical Term Surface chemistry
700 ## - ADDED ENTRY--PERSONAL NAME
Personal name Chakraborty S
700 ## - ADDED ENTRY--PERSONAL NAME
Personal name Majumdar S Pal
942 ## - ADDED ENTRY ELEMENTS (KOHA)
Koha item type Journals
Holdings
Withdrawn status Lost status Damaged status Not for loan Home library Current library Shelving location Date acquired Koha item type
      Journals RRII Library RRII Library Rubber chemistry 17/12/2021 Journals